Epitres / (Record no. 155580)

MARC details
000 -LEADER
campo de control de longitud fija 01040nam a22002295i 4500
001 - NÚMERO DE CONTROL
campo de control 155580
003 - IDENTIFICADOR DE NÚMERO DE CONTROL
campo de control ES-MaACL
005 - FECHA Y HORA DE LA ÚLTIMA TRANSACCIÓN
campo de control 20230906210130.0
008 - DATOS DE LONGITUD FIJA--INFORMACIÓN GENERAL
campo de control de longitud fija 040723q18801910fr |||| | fre d
040 ## - FUENTE DE CATALOGACIÓN
Centro catalogador/agencia de origen CAM
Lengua de catalogación spa
Centro/agencia transcriptor CAM
100 1# - ENTRADA PRINCIPAL--NOMBRE DE PERSONA
Nombre de persona Horacio Flaco, Quinto.
9 (RLIN) 64182
245 10 - MENCIÓN DEL TÍTULO
Título Epitres /
Mención de responsabilidad, etc. Horace; [cet ouvrage a été expliqué littéralement, traduit en français, annoté par E. Taillefert].
260 ## - PUBLICACIÓN, DISTRIBUCIÓN, ETC.
Lugar de publicación, distribución, etc. Paris :
Nombre del editor, distribuidor, etc. Librairie Hachette,
Fecha de publicación, distribución, etc. [s.a.] (
Fabricante Imp. d'Editions)
300 ## - DESCRIPCIÓN FÍSICA
Extensión 259 p. ;
Dimensiones 19 cm.
490 1# - MENCIÓN DE SERIE
Mención de serie Les auteurs latins expliqués par deux traduction françaises ... /par une societé de professeurs et de latinistes
594 ## - Nota al título y mención de responsabilidad
Nota al título y mención de responsabilidad Mención de resp. tomada del verso de la cub.
596 ## - NOTA AL PIE DE IMPRENTA
NOTA AL PIE DE IMPRENTA Probablemente impreso a finales del siglo XIX o comienzos del XX.
700 11 - ENTRADA AGREGADA--NOMBRE PERSONAL
Nombre de persona Taillefert, E.,
Término indicativo de función/relación
9 (RLIN) 133104
830 0# - PUNTO DE ACCESO ADICIONAL DE SERIE-TÍTULO UNIFORME
Título uniforme Les auteurs latins expliqués par deux traduction françaises ... /par une societé de professeurs et de latinistes
9 (RLIN) 221576
852 ## - LOCALIZACIÓN
Ubicación ES-MaACL
Número de control de estantería B-12543
Nota libre -- Sin enc.
Holdings
Estatus retirado Estado de pérdida Estado de daño No para préstamo Biblioteca de origen Biblioteca actual Ubicación en estantería Fecha de adquisición Fuente de adquisición Total de préstamos Signatura topográfica completa Código de barras Visto por última vez Precio de reemplazo Tipo de ítem Koha
        Biblioteca del Ateneo de Madrid Biblioteca del Ateneo de Madrid Sala Pardo Bazán 17/01/2008     B-12543 1162739 23/02/2023 23/02/2023 Libro impreso